| 000 | 00663 a2200181 4500 | ||
|---|---|---|---|
| 999 |
_c4940 _d4940 |
||
| 020 | _a0393049256 | ||
| 050 | 0 | 0 | _aPS3552 BEL 2000 |
| 100 | 1 |
_aBeller, Thomas. _eauthor |
|
| 245 | 1 | 4 |
_aThe sleep-over artist / _cThomas Beller. |
| 250 | _a1st ed. | ||
| 264 |
_aNew York: _bW. W. Norton & Company, _c2000 |
||
| 300 | _a299 p. ; | ||
| 500 | _aFiction | ||
| 650 | 0 | _aMotion picture producers and directors | |
| 650 | 0 | _aYoung men | |
| 942 |
_2lcc _cBK _h3552 _iBEL _kPS |
||